| 000 | 00368nam a2200133Ia 4500 | ||
|---|---|---|---|
| 008 | 210210b1976 xxu||||| |||| 00| 0 eng d | ||
| 082 | _a320.954 DESS | ||
| 100 | _aDESAI (A R). | ||
| 245 | _aSocial background of indian nationalism. | ||
| 260 |
_aBombay _bPopular Prakashan _c1976 |
||
| 300 | _axxv,461 | ||
| 690 | _aPolitical Situation & Condition | ||
| 906 | _aSG00505 | ||
| 999 |
_c112150 _d112150 |
||